| 000 | 00525nam a2200169 4500 | ||
|---|---|---|---|
| 008 | 010914s1997 us engYA | ||
| 020 | _a0801021464 | ||
| 090 |
_aZ7772 _bM36 |
||
| 100 | 1 | _aMartens, Elmer A. | |
| 245 | 1 | 0 |
_aOld Testament theology / _cby Elmer A. Martens. |
| 260 |
_aMichigan : _bBaker, _cc1997. |
||
| 300 | _a138 p. | ||
| 490 | 1 |
_aIBR bibliographies; _v13 |
|
| 650 | 4 |
_aBible. O.T. _xBibliography |
|
| 650 | 4 |
_aBible. O.T. _xTheology _xBibliography. |
|
| 951 |
_p20205 _oZ7772/M36 _j070613111002984 _d2000-12-21 _cREF |
||
| 999 |
_c4071 _d4071 |
||